Stayin' Alive - Bee Gees - All Lyrics - Statistics

General Stats
  • This quiz has been taken 230 times
  • The average score is 271 of 407
Answer Stats
Answer % Correct
a
100%
stayin'
99%
Stayin'
99%
alive,
97%
alive
97%
I
97%
can
96%
you
96%
You
96%
Ah,
94%
ah,
94%
ah
94%
Ah
94%
the
94%
The
94%
no
92%
to
92%
by
90%
way
90%
tell
89%
I’m
88%
I'm
88%
man,
88%
man
88%
time
88%
my
87%
walk
87%
we
86%
talk
85%
women
85%
use
83%
woman's
78%
and
76%
And
76%
Well,
72%
Well
72%
you're
72%
You’re
72%
that's
70%
it's
66%
other
65%
alright,
64%
look
64%
or
64%
music
63%
Whether
63%
whether
63%
brother
61%
mother
61%
okay
61%
Oh,
60%
try
57%
understand
56%
me
54%
me,
54%
shakin’
54%
yeah
54%
can't
53%
on
53%
everybody
52%
New
52%
we're
52%
around
51%
But
51%
was
51%
York
51%
city
49%
I’ve
48%
loud
48%
now
48%
now,
48%
Times'
48%
since
47%
when
46%
been
45%
born
45%
live
42%
may
42%
breakin'
41%
Feel
41%
kicked
39%
just
37%
see
37%
effect
35%
goin'
33%
help
33%
know
33%
day
32%
get
31%
Somebody
31%
if
30%
another
28%
nowhere
28%
lose
27%
dancin'
25%
warm
25%
shoes
24%
Life
23%
of
23%
I’ll
22%
Got
21%
high
18%
low
13%
really
11%
Heaven
8%
wings
8%
either,
7%
No matching quizzes found
Score Distribution
Percent of People with Each Score
Percentile by Number Answered
Your Score History
You have not taken this quiz